00615cam a22002052 4500001001100000005001700011008004100028020001700069040001500086100003200101245009400133250001400227260003900241300002700280650002800307700003200335700003600367852000300403852000300406000002337020151021151144.0121119s xx 000 0 eng d a0538479051 : aKABUcKABU1 aReeve, James M.@000017104210aPrinciples of financial accounting /cJames M. Reeve, Carl S. Warren, Jonathan E. Duchac. a12th ed. aMason, OH :bSouth-Western,c2012. a1 v. (various pagings) 0aAccounting.@00001483211 aWarren, Carl S.@00001607051 aDuchac, Jonathan E.@00001710431 1